[Event "ROU-Superliga Wom"]
[Site "Brasov ROU"]
[Date "2011.10.12"]
[Round "5.3"]
[White "Bulmaga, Irina"]
[Black "Foisor, Cristina Adela"]
[Result "1-0"]
[WhiteElo "2304"]
[BlackElo "2416"]
[Annotator "Müller,Karsten"]
[PlyCount "125"]
[EventDate "2011.10.08"]
[EventType "team-tourn"]
[EventRounds "9"]
[EventCountry "ROU"]
[Source "Chess Today"]
[SourceDate "2011.10.26"]

1. e4 c6 2. d4 d5 3. Nc3 dxe4 4. Nxe4 Bf5 5. Ng3 Bg6 6. h4 h6 7. Nf3 Nd7 8. h5
Bh7 9. Bd3 Bxd3 10. Qxd3 Ngf6 11. Bf4 Qa5+ 12. Bd2 Qc7 13. O-O-O e6 14. Ne4
O-O-O 15. g3 Nc5 16. Nxc5 Bxc5 17. Rh4 Bd6 18. Qe2 Rhe8 19. c4 Qe7 20. Ba5 Bc7
21. Bc3 Rd7 22. a3 Nh7 23. Bb4 Qd8 24. Rhh1 f6 25. Qe4 Ng5 26. Nxg5 fxg5 27.
Qg6 a5 28. Bc3 Rde7 29. d5 exd5 30. cxd5 cxd5 31. Qf5+ Qd7 32. Rxd5 Qxf5 33.
Rxf5 b6 34. Rd1 Be5 35. Bxe5 Rxe5 36. Rxe5 Rxe5 37. Rd6 Kc7 38. Rg6 Re7 39. Kd2
Kb7 40. a4 Rf7 41. Ke3 Ka6 42. f4 gxf4+ 43. gxf4 Rf5 44. Rxg7 Rxh5 45. Ke4 Rh2
46. f5 Rxb2 47. f6 Rf2 48. Ke5 Re2+ 49. Kd6 Rf2 50. f7 b5 {The hiding place 
In a rook ending the attacking king often has problems to find shelter from
the rook checks. Creating an umbrella is one technique, often the attacking
rook can help and sometimes hiding places are available:} 51. Ke7 $2 ({After} 
51. Ke5 $1 {White's king will finally hide on b8:} Re2+ (51... bxa4 52. Rg6+
Kb5 53. Rf6 Rxf6 54. Kxf6 a3 55. f8=Q a2 56. Qa3 $18) 52. Kd5 Rd2+ (52... Rf2
53. Rg6+ Kb7 54. Ke6 Rxf7 55. Kxf7 bxa4 56. Ke6 $18 {transposes to the game.})
53. Kc6 Rc2+ 54. Kd7 Rd2+ 55. Kc8 Rc2+ 56. Kb8 {The king has arrived and Black
is defenseless. In a way the pawn b5 acts as umbrella shielding White's king
from the rain of checks.} Rf2 57. Rg6+ Rf6 58. Rxf6#) (51. axb5+ $2 Kxb5 52.
Ke7 a4 $11) 51... Re2+ $2 {Loses an all important tempo.} ({Public enemy
number one had to be eliminated at once:} 51... Rxf7+ $1 52. Rxf7 bxa4 53. Kd6
Kb5 54. Kd5 a3 $1 (54... Kb4 $2 55. Kd4 Kb3 56. Kd3 a3 57. Rb7+ $18) 55. Kd4 a2
56. Rf1 Kb4 57. Kd3 Kb3 58. Rh1 Kb2 59. Rh2+ Kb3 60. Rh1 $11) ({After} 51...
bxa4 $2 52. Rg6+ Kb5 53. Rf6 Re2+ {White's king will hide on the queenside in
the shadow of Black's king:} 54. Kd7 Rd2+ 55. Kc7 Rc2+ 56. Kb7 $18 {[%cal
Gb1b8]}) 52. Kd8 Rf2 53. Rg6+ $1 {The decisive zwischenschach.} Kb7 54. Ke7 {
[%cal Gg6f6]} Rxf7+ (54... bxa4 55. Rf6 Re2+ 56. Kd6 Rd2+ 57. Kc5 Rd8 58. f8=Q
Rxf8 59. Rxf8 a3 60. Rf3 a2 61. Ra3 $18) ({After} 54... Re2+ {the rook can be
used as shield:} 55. Re6 $18) 55. Kxf7 bxa4 56. Ke6 Kc6 57. Ke5+ Kc5 58. Ke4
Kc4 (58... a3 59. Kd3 a2 60. Rg1 Kb4 61. Kc2 Ka3 62. Rh1 h5 63. Rh3+ Kb4 64.
Kb2 $18 {[%cal Gb2a2,Gh3h5]}) 59. Rc6+ Kb3 60. Kd3 {Bodycheck} a3 (60... Kb2
61. Rb6+ Kc1 62. Rxh6 a3 63. Rh2 Kb1 64. Kc3 a2 $6 65. Rh1#) 61. Rb6+ $1 Ka2 (
61... Ka4 62. Kc2 h5 63. Rh6 a2 64. Kb2 $18 {[%cal Gb2a2,Gh6h5]}) 62. Kc2 a4
63. Rxh6 (63. Rxh6 Ka1 64. Rh3 Ka2 (64... a2 65. Rh1#) 65. Rg3 Ka1 66. Rxa3#)
1-0